| 000 | 02274cam a2200277 a 4500 | ||
|---|---|---|---|
| 001 | 000006495 | ||
| 005 | 20200929153934.0 | ||
| 008 | 980417s1997 ck abc 001 0 spa | ||
| 020 | _a9586145832 | ||
| 040 |
_aDO-SdBNP _cNDD _dBNPHU |
||
| 082 |
_a306.8 _bR696s |
||
| 100 | 1 |
_aRodríguez, Pablo, _d1955- _917996 |
|
| 245 | 1 | 0 |
_aSentimientos y vida familiar en el Nuevo Reino de Granada, siglo XVIII / _cPablo Rodríguez. |
| 260 |
_aSanta Fe de Bogotá : _bAriel, _c1997. |
||
| 300 |
_a339 p. : _bil. ; _c21 cm. |
||
| 490 | 1 | _aAriel historia | |
| 504 | _aBibliografías: p. [325]-339. | ||
| 520 | 1 | _a"Un estudio valioso de la familia de finales del siglo 18 y la estructura social en las zonas urbanas la Nueva Granada aclara los contornos de la vida doméstica en la colonia. Con datos de Cartagena de Indias, Tunja, Medellín y Cali, pero no Bogotá, Rodríguez bocetos patrones de las fases fundamentales y las instituciones de la vida social: la infancia, vejez, viudez, y el matrimonio, el divorcio y anulación. Conclusiones tales como la composición femenina abrumadora de la viudez, el empleo constante de las personas mayores y la violencia doméstica como la principal causa de divorcio de demostrar el carácter vital de la casa e ilustrar importantes las actitudes sociales en el cuerpo político "- Manual de LA valuable study of late-18th-century family and social structure in urban Nueva Granada clarifies contours of domestic life in the colony. Utilizing data from Cartagena de Indias, Tunja, Medellin, and Cali, but not Bogota, Rodriguez sketches patterns of fundamental phases and institutions of social life: childhood, old age, widowhood, and marriage, divorce, and annulment. Conclusions such as the overwhelming feminine makeup of widowhood, the continuing employment of the elderly, and domestic abuse as the principal cause of divorce demonstrate vital character of the home and illustrate important social attitudes within the body politic". | |
| 650 | 4 |
_aFamilia _zColombia _xHistoria _915887 |
|
| 650 | 4 |
_aMatrimonio _xHistoria _917997 |
|
| 650 | 4 |
_aAncianos _917998 |
|
| 650 | 4 |
_aNiños _zColombianos _917999 |
|
| 651 | 4 |
_aColombia _xVida Social Y Costumbres _918000 |
|
| 830 | 0 |
_aAriel historia. _99024 |
|
| 910 | _aCatalogación por copia / LC | ||
| 999 |
_c6286 _d6286 |
||